鬼吹燈II . 黃皮子墳 . 壹

資料類型: Book 圖書   書目號:51033

Leader xxxxxxxxxx
001 __ 102459/9/02
005 __ 20170410105854.842
010 0_ |a978-986-361-085-4|b全套 : 平裝|d新臺幣360元
100 __ |a20170410d2014    k  y0chiy50      e
101 0_ |achi
102 __ |atw
105 __ |ay   z   000ay
200 1_ |a鬼吹燈II|h|i黃皮子墳|f天下霸唱著
205 __ |a初版
210 __ |a臺北市|c高寶國際|d2014[民103]
215 0_ |a2冊|d21公分
225 12 |a戲非戲|v191
517 1_ |a黃皮子墳|zchi
700 _0 |a天下霸唱|4681 __ |a857.7|b8734 v.1
801 _0 |atw|bLibDipper|c20170410|gCCR
詳細館藏 1-2 筆 (共 2 筆)
索 書 號登 錄 號冊次號館別 / 館藏地流通類型狀態加入預約清單電子資源
857.7 / 8734 1024599 v.1 圖書館 / 一樓普通區 可外借30天 在館   
857.7 / 8734 1024600 v.1 圖書館 / 一樓普通區 可外借30天 在館   

| 條列資料




目錄查詢 分類查詢 個人資料 圖書薦購 新書查詢 閉館日 排行榜 更多電子資源 Hami書城 線上資料庫 登出

From : 216.73.217.87

  本日流通累計至 16:21:27 借閱 : 13 次 續借 : 0 次 歸還 : 10 次 預約 : 0 次 電子資源 : 0 次


內湖高中圖書館  PCLIS 版本  26.5.0.12